Fire Safety In Buildings - 2nd edition (Record no. 535045)
[ view plain ]
| 000 -LEADER | |
|---|---|
| fixed length control field | 00316nam a22001217a 4500 |
| 020 ## - INTERNATIONAL STANDARD BOOK NUMBER | |
| International Standard Book Number | 9788122430837 |
| 040 ## - CATALOGING SOURCE | |
| Transcribing agency | MSOHAIL |
| 082 ## - DEWEY DECIMAL CLASSIFICATION NUMBER | |
| Classification number | 628.922 |
| Author Mark | JAI |
| 100 ## - MAIN ENTRY--PERSONAL NAME | |
| Personal name | V.K. Jain |
| 9 (RLIN) | 29539 |
| 245 ## - TITLE STATEMENT | |
| Title | Fire Safety In Buildings - 2nd edition |
| 260 ## - PUBLICATION, DISTRIBUTION, ETC. | |
| Place of publication, distribution, etc. | New Age International Publishers |
| Name of publisher, distributor, etc. | India |
| Date of publication, distribution, etc. | c2010 |
| 942 ## - ADDED ENTRY ELEMENTS (KOHA) | |
| Source of classification or shelving scheme | |
| Koha item type | Book |
| Withdrawn status | Lost status | Source of classification or shelving scheme | Damaged status | Not for loan | Permanent Location | Current Location | Date acquired | Total Checkouts | Full call number | Barcode | Date last seen | Price effective from | Koha item type |
|---|---|---|---|---|---|---|---|---|---|---|---|---|---|
| School of Civil and Environmental Engineering (SCEE) | School of Civil and Environmental Engineering (SCEE) | 08/27/2020 | 628.922 JAI | NIT-13110 | 08/27/2020 | 08/27/2020 | Book |
